书目信息 |
| 题名: |
教育综合真题汇编及模拟试卷
|
|
| 作者: | ;上海杨浦区科兴进修学校 编 | |
| 分册: | ||
| 出版信息: | 北京 中国石化出版社 2017 |
|
| 页数: | 398页 | |
| 开本: | 26cm | |
| 丛书名: | 教育硕士(Ed. M)考试辅导用书 | |
| 单 册: | ||
| 中图分类: | G40-44 | |
| 科图分类: | ||
| 主题词: | 教育学--Jiao Yu Xue--硕士生--入学考试--试题 | |
| 电子资源: | ||
| ISBN: | 978-7-5114-4420-2 | |
| 000 | 01103nam 2200277 450 | |
| 001 | 012001002718 | |
| 005 | 20191029171307.08 | |
| 010 | @a978-7-5114-4420-2@dCNY48.00 | |
| 099 | @aCAL 012017151032 | |
| 100 | @a20171029d2017 em y0chiy50 ea | |
| 101 | 0 | @achi |
| 102 | @aCN@b110000 | |
| 105 | @ay q 000yy | |
| 106 | @ar | |
| 200 | 1 | @a教育综合真题汇编及模拟试卷@AJiao Yu Zong He Zhen Ti Hui Bian Ji Mo Ni Shi Juan@f科兴教育编 |
| 205 | @a第6版 | |
| 210 | @a北京@c中国石化出版社@d2017 | |
| 215 | @a398页@d26cm | |
| 225 | 2 | @a教育硕士(Ed. M)考试辅导用书@AJiao Yu Shuo Shi (Ed. M) Kao Shi Fu Dao Yong Shu |
| 330 | @a本书主要分为三个部分:第一部分为大纲样题;第二部分收集了最近8年(包括2017年)各大名校教育硕士入学考试试题60多套;第三部分为编者自编的模拟试卷。三部分试题均提供了参考答案与解析。 | |
| 410 | 0 | @12001 @a教育硕士(Ed. M)考试辅导用书 |
| 606 | 0 | @a教育学@AJiao Yu Xue@x硕士生@x入学考试@j试题 |
| 690 | @aG40-44@v5 | |
| 711 | 02 | @a上海杨浦区科兴进修学校@4编@Ashang hai yang pu qu ke xing jin xiu xue xiao |
| 801 | 2 | @aCN@b江苏凤凰@c20191020 |
| 905 | @b1220671-4@dG40-44@e1003=6@f4 | |
| 教育综合真题汇编及模拟试卷/科兴教育编.-第6版.-北京:中国石化出版社,2017 |
| 398页;26cm.-(教育硕士(Ed. M)考试辅导用书) |
| ISBN 978-7-5114-4420-2:CNY48.00 |
| 本书主要分为三个部分:第一部分为大纲样题;第二部分收集了最近8年(包括2017年)各大名校教育硕士入学考试试题60多套;第三部分为编者自编的模拟试卷。三部分试题均提供了参考答案与解析。 |
| ● |
| 相关链接 |
|
|
|
|
正题名:教育综合真题汇编及模拟试卷
索取号:G40-44/1003=6
 
预约/预借
| 序号 | 登录号 | 条形码 | 馆藏地/架位号 | 状态 | 备注 |
| 1 | 1220671 | 212206717 | 第一样本阅览室/ [索取号:G40-44/1003=6] | 在馆 | |
| 2 | 1220672 | 212206726 | 教育系资料室/ [索取号:G40-44/1003=6] | 在馆 | |
| 3 | 1220673 | 212206735 | 教育系资料室/ [索取号:G40-44/1003=6] | 在馆 | |
| 4 | 1220674 | 212206744 | 第四借阅区/ [索取号:G40-44/1003=6] | 在馆 |